000
00176 a2200085 4500
020
_a
9781948765053
100
_a
NASRINE SERAJI
245
_a
FROM CRISIS TO CRISIS
260
_b
ACTAR
999
_c
13071
_d
13071